000 01079nam a22002897a 4500
001 BR8702277
003 BR-BrBNA
005 20230928092448.0
007 ta
008 230509b bl.||||| |||| 00| 0 por d
040 _aBR-BrBNA
_bpor
_cBiblioteca Nacional de Agricultura
041 _a(Por)
072 _aL70; L73
_b5300
_b4150
_b/G514
090 _ 5300 BR8702277
110 1 _aAssociacao de Credito e Assistencia Rural de Santa Catarina, Florianopolis (Brasil);
110 1 _aEmpresa de Assistencia Tecnica e Extensao Rural do Estado de Santa Catarina, Florianopolis (Brasil)
_94031
245 1 _aImplantacao de uma acao programada de educacao sanitaria em peste suina - Santa Catarina [Brasil]
260 3 _aFlorianopolis, SC (Brasil):
_c1980.
300 _a6 p.
500 _a(*) Documento disponível no(a) Associacao de Credito e Assistencia Rural de Santa Catarina, Florianopolis (Brazil)
650 _aEDUCACAO VETERINARIA
650 _aPESTE SUINA
650 _aSUINO
650 _aSANTA CATARINA
909 _a202309
_bLucia
_c55
_dLucia Elande
942 _cBK
999 _c39203
_d39203